The excavations of Khirbet er-Rasm, Israel : the changing faces of the countryside /

محفوظ في:

المؤلف الرئيسي: Faust, Avraham (مؤلف)

مؤلفون آخرون: Ackerman, Oren., Erlich, Adi.

التنسيق: كتاب

اللغة: English

منشور في: Oxford : Archaeopress, 2011.

سلاسل: BAR International Series ; 2187.

الموضوعات:

الوسوم: إضافة وسم

لا توجد وسوم, كن أول من يضع وسما على هذه التسجيلة!

رقم الطلب: DS110 .K543 F38 2011

LEADER 01280namaa2200325 4500
001 22717
003 OSt
005 20211208143430.0
008 130303s2011 enkab g b 000 0 eng d
952 |0 0  |1 0  |2 lcc  |4 0  |6 DS0110 K543 F38 02011  |7 1  |9 23718  |a ARCE  |b ARCE  |d 2021-12-08  |l 0  |o DS110 .K543 F38 2011  |p 1013727  |r 2021-12-08 00:00:00  |w 2021-12-08  |y BK 
999 |c 22469  |d 22469 
010 |a 2010551975 
020 |a 9781407307428 
040 |c ARCE Library 
043 |a a-is--- 
050 4 |a DS110 .K543 F38 2011 
100 1 |a Faust, Avraham,   |e author  |9 29888 
245 1 4 |a The excavations of Khirbet er-Rasm, Israel :   |b the changing faces of the countryside /   |c Avraham Faust, Adi Erlich ; with contributions by Oren Ackerman ... [et al.]. 
264 1 |a Oxford :   |b Archaeopress,   |c 2011. 
300 |a x, 270, [26] pages :   |b illustrations (some color), maps ;   |c 30 cm. 
490 1 |a BAR International Series ;   |v 2187. 
504 |a Includes bibliographical references (p. 260-270). 
650 0 |a Excavations (Archaeology)  |z Israel  |z Khirbet er-Rasm Site. 
651 0 |a Israel  |x Antiquities. 
651 0 |a Khirbet er-Rasm Site (Israel) 
700 1 |a Ackerman, Oren. 
700 1 |a Erlich, Adi.  |9 29662 
830 0 |a BAR International Series ;   |v 2187. 
901 |a reviewed 
942 |c BK  |2 lcc